000
00198 a2200097 4500
001
15190
100
_a
Durst A
245
_a
Wood carring
260
_a
London
_b
The studio
_c
090
_c
11930
_d
11930
942
_a
NUST-CAE
_c
M
_c
2148
999
_c
250263
_d
250263